000 01085cam a22003377a 4500
003 CHAP
005 20220329134023.0
008 971013s1966 r 00010 d
010 _a14192
011 _a15164
035 _a19239
040 _cCHAP
090 _aTesis
100 0 0 _aGonzález Medrano, Francisco.
_949168
245 1 3 _aLa vegetación del nordeste de Tamaulipas
260 _aMéxico, D.F. :
_bEl autor,
_c1966
300 _a56 h.
_b: ilus
502 _aTesis (Biólogo) -- UNAM. Fac. de Ciencias Depto. de Biología
590 _aALEPH
_b10
_c20130110
_lUCH01
_h1235
590 _aBATCH-UPD
_b10
_c20130110
_lUCH01
_h0135
590 _aBATCH-UPD
_b10
_c20130110
_lUCH01
_h2318
590 _aBATCH-UPD
_b10
_c20130409
_lUCH01
_h2131
590 _aBATCH-UPD
_b10
_c20130410
_lUCH01
_h1609
590 _aBATCH-UPD
_b10
_c20130914
_lUCH01
_h0728
590 _aCONVERSION
_b10
_c20130109
_lUCH01
_h1309
650 1 4 _aBotánica
_xTamaulipas.
_914622
901 _aBK
942 _cFOLL
949 _bBC
_cTES
_d-44609
_eTS1
_i19239
_si
949 _bBC
_cTES
_d-44610
_eTS2
_fc.2
_i19239
_si
999 _c14192
_d14192